[Event "Coupe Loubatière 2015-16"]
[Site "?"]
[Date "2015.??.??"]
[Round "1.1"]
[White "Doran, Niall"]
[Black "Djouder, Larbi"]
[Result "1/2-1/2"]
[WhiteElo "1691"]
[BlackElo "1646"]
[PlyCount "54"]
[EventDate "2015.??.??"]
[WhiteTeam "St Chamond"]
[BlackTeam "Aurec"]

1. e4 c5 2. Nf3 d6 3. c3 Nf6 4. Be2 Nc6 5. d4 cxd4 6. cxd4 e6 7. Nc3 Be7 8. O-O
O-O 9. Bf4 a6 10. Qd2 b5 11. Rad1 Bb7 12. Bd3 Rc8 13. Rfe1 Nb4 14. Bb1 d5 15.
a3 dxe4 16. Nxe4 Nbd5 17. Be5 Nxe4 18. Bxe4 Qd7 19. Bg3 f6 20. Bb1 Bd6 21. Qd3
g6 22. Bxd6 Qxd6 23. Ba2 Kg7 24. Qd2 Rfe8 25. Rc1 Rxc1 26. Rxc1 Re7 27. h3 Nf4
1/2-1/2

[Event "Coupe Loubatière 2015-16"]
[Site "?"]
[Date "2015.??.??"]
[Round "1.2"]
[White "Desassis, Jean-François"]
[Black "Vier, Serge"]
[Result "1-0"]
[WhiteElo "1491"]
[BlackElo "1664"]
[PlyCount "73"]
[EventDate "2015.??.??"]
[WhiteTeam "Aurec"]
[BlackTeam "St Chamond"]

1. c4 c6 2. d4 d5 3. e3 Nf6 4. Nc3 Bf5 5. Nf3 e6 6. c5 Nbd7 7. h3 h6 8. Bd3
Bxd3 9. Qxd3 Qc7 10. b4 e5 11. dxe5 Nxe5 12. Nxe5 Qxe5 13. O-O a5 14. Rb1 axb4
15. Rxb4 Qc7 16. Qd4 Nd7 17. Na4 Ra5 18. Qb2 Ra7 19. Qc2 Nf6 20. f3 Be7 21. Bd2
O-O 22. Rfb1 Nd7 23. e4 Bf6 24. Qb3 dxe4 25. fxe4 Re8 26. Rxb7 Rxb7 27. Qxb7
Qxb7 28. Rxb7 Nxc5 29. Nxc5 Bd4+ 30. Kf1 Bxc5 31. Rc7 Re6 32. a4 Rf6+ 33. Ke2
Bb6 34. Rc8+ Kh7 35. a5 Bd4 36. a6 c5 37. a7 1-0

[Event "Coupe Loubatière 2015-16"]
[Site "?"]
[Date "2015.??.??"]
[Round "1.3"]
[White "Minchilli, Franco"]
[Black "Liogier, Pascal"]
[Result "1-0"]
[WhiteElo "1640"]
[BlackElo "1510"]
[PlyCount "73"]
[EventDate "2015.??.??"]
[WhiteTeam "St Chamond"]
[BlackTeam "Aurec"]

1. d4 f5 2. c4 Nf6 3. Nc3 e6 4. Bg5 Be7 5. e3 d6 6. Be2 O-O 7. Nf3 Ne4 8. Bxe7
Qxe7 9. Qb3 Nd7 10. O-O Ndf6 11. Rac1 Nxc3 12. Qxc3 Ne4 13. Qc2 b6 14. Bd3 Bb7
15. Nd2 Nxd2 16. Qxd2 Qg5 17. f3 Rf6 18. c5 dxc5 19. dxc5 Rd8 20. Qe2 e5 21.
cxb6 cxb6 22. Rfd1 Rdd6 23. Bc4+ Kf8 24. Rxd6 Rxd6 25. Bb3 Ba6 26. Qe1 Qd8 27.
Qb4 Qe7 28. Qc3 Rd3 29. Qc7 Qxc7 30. Rxc7 Rxe3 31. Rxa7 Re1+ 32. Kf2 Re2+ 33.
Kg3 f4+ 34. Kh4 g5+ 35. Kxg5 Rxg2+ 36. Kf6 Rg6+ 37. Kxe5 1-0

[Event "Coupe Loubatière 2015-16"]
[Site "?"]
[Date "2015.??.??"]
[Round "1.4"]
[White "Mialon, Franck"]
[Black "Allabrune, Guillaume"]
[Result "0-1"]
[WhiteElo "1370"]
[BlackElo "1526"]
[PlyCount "46"]
[EventDate "2015.??.??"]
[WhiteTeam "Aurec"]
[BlackTeam "St Chamond"]

1. e4 e6 2. Nf3 d5 3. e5 c5 4. b4 cxb4 5. a3 Nc6 6. axb4 Bxb4 7. Ba3 Nge7 8.
Bxb4 Nxb4 9. Na3 O-O 10. c3 Nbc6 11. Qc2 Ng6 12. h4 Ncxe5 13. Nxe5 Nxe5 14. f4
Ng4 15. h5 h6 16. Nb5 a6 17. Nd4 e5 18. Nf3 exf4 19. Bd3 Re8+ 20. Kf1 Bd7 21.
Bh7+ Kh8 22. Nh4 Bb5+ 23. Kg1 Qe7 0-1

[Event "Coupe Loubatière 2015-16"]
[Site "?"]
[Date "2015.??.??"]
[Round "1.1"]
[White "Acikgoz, Tuncay"]
[Black "Martin, Julien"]
[Result "1-0"]
[WhiteElo "1661"]
[BlackElo "1545"]
[PlyCount "48"]
[EventDate "2015.??.??"]
[WhiteTeam "ESSE"]
[BlackTeam "ESSE 2"]

1. e4 e5 2. Nf3 d6 3. d4 exd4 4. Bc4 Be7 5. O-O Nf6 6. Nxd4 O-O 7. Nc3 Bd7 8.
f4 Nc6 9. Be3 Ng4 10. Rf3 Nxe3 11. Rxe3 a6 12. f5 Na5 13. Bd3 c5 14. Nde2 c4
15. Nd5 cxd3 16. cxd3 Bf6 17. Nec3 Bd4 18. Qf3 Bxe3+ 19. Qxe3 Nc6 20. Rf1 Ne7
21. Rf3 Nxd5 22. Nxd5 Rc8 23. f6 Re8 24. Qg5 Rc1+ 1-0

[Event "Coupe Loubatière 2015-16"]
[Site "?"]
[Date "2015.??.??"]
[Round "1.2"]
[White "Ben Habchi, Nordine"]
[Black "Boeuf, Jérémy"]
[Result "0-1"]
[WhiteElo "1275"]
[BlackElo "1584"]
[PlyCount "48"]
[EventDate "2015.??.??"]
[WhiteTeam "ESSE 2"]
[BlackTeam "ESSE"]

1. b3 e5 2. Bb2 Nc6 3. d4 exd4 4. Bxd4 Nxd4 5. Qxd4 Qf6 6. Nf3 c5 7. Qe3+ Ne7
8. Nc3 d5 9. Nxd5 Qxa1+ 10. Kd2 Kd8 11. Nc3 Nc6 12. Ng5 Be6 13. g3 Be7 14. Bg2
Qb2 15. Nxe6+ fxe6 16. Rd1 Kc7 17. Ke1 Nd4 18. Qf4+ e5 19. Nd5+ Kd6 20. Nxe7
exf4 21. Nd5 fxg3 22. Kf1 Qxc2 23. Re1 gxh2 24. e4 Qd3+ 0-1

[Event "Coupe loubatière 2015-16"]
[Site "?"]
[Date "2015.??.??"]
[Round "1.3"]
[White "Carteron, Olivier"]
[Black "Gloaguen, Loïc"]
[Result "1-0"]
[WhiteElo "1554"]
[BlackElo "1299"]
[PlyCount "57"]
[EventDate "2015.??.??"]
[WhiteTeam "ESSE"]
[BlackTeam "ESSE 2"]

1. e4 e5 2. Nf3 Nc6 3. Bc4 Nf6 4. Ng5 d5 5. exd5 Nxd5 6. Nxf7 Kxf7 7. Qf3+ Ke6
8. Nc3 Ncb4 9. O-O c6 10. Qe4 b5 11. Bb3 a5 12. a3 a4 13. axb4 Bxb4 14. Qxb4
axb3 15. Qg4+ Kd6 16. Ne4+ Kc7 17. Qxg7+ Bd7 18. Qxe5+ Kb6 19. Qd4+ Kb7 20.
Ra7+ Kb8 21. Rxd7 Qxd7 22. Qxh8+ Kb7 23. Nc5+ Ka7 24. Qxa8+ Kxa8 25. Nxd7 bxc2
26. f4 b4 27. f5 b3 28. f6 Nb4 29. f7 1-0

[Event "Coupe Loubatière 2015-16"]
[Site "?"]
[Date "2015.??.??"]
[Round "1.4"]
[White "Kendem, Camille"]
[Black "Boeuf, Jean-Julien"]
[Result "0-1"]
[WhiteElo "1299"]
[BlackElo "1505"]
[PlyCount "76"]
[EventDate "2015.??.??"]
[WhiteTeam "ESSE 2"]
[BlackTeam "ESSE"]

1. e4 Nf6 2. e5 Nd5 3. d4 d6 4. c4 Nb6 5. Be2 dxe5 6. dxe5 Qxd1+ 7. Bxd1 Nxc4
8. Nf3 Nc6 9. Be2 N4xe5 10. Bf4 f6 11. Bb5 Bd7 12. Nc3 Nxf3+ 13. gxf3 e5 14.
Nd5 O-O-O 15. Be3 a6 16. Ba4 Nb4 17. Bb3 Bb5 18. Rd1 Nd3+ 19. Kd2 Nxb2 20. Rb1
Bb4+ 21. Kc2 Nd3 22. Rhd1 Rhe8 23. Rxd3 Bxd3+ 24. Kxd3 c6 25. Kc4 cxd5+ 26.
Kxb4 d4 27. Bd2 Kb8 28. a4 Rc8 29. h4 h6 30. h5 e4 31. fxe4 Rxe4 32. f3 Re2 33.
Rd1 Ka8 34. Bf4 Rd8 35. Kc5 d3 36. Bc4 Rc2 37. Rxd3 Rxd3 38. Kb4 Rxc4+ 0-1

[Event "Coupe Loubatière 2015-16"]
[Site "?"]
[Date "2015.??.??"]
[Round "2.1"]
[White "Martin, Julien"]
[Black "Djouder, Larbi"]
[Result "0-1"]
[WhiteElo "1545"]
[BlackElo "1646"]
[PlyCount "80"]
[EventDate "2015.??.??"]
[WhiteTeam "ESSE 2"]
[BlackTeam "Aurec"]

1. e4 c5 2. Nf3 d6 3. Nc3 Nf6 4. Be2 g6 5. d3 Bg7 6. Bd2 Nc6 7. O-O O-O 8. Be3
Ng4 9. Bd2 Nf6 10. h3 a6 11. Be3 b5 12. a3 Rb8 13. d4 cxd4 14. Nxd4 Bb7 15.
Nxc6 Bxc6 16. f3 Nh5 17. Bd4 Bxd4+ 18. Qxd4 Nf4 19. Qd2 Nh5 20. Qe1 Nf4 21. Bd3
e6 22. Ne2 Qf6 23. c3 Nxd3 24. Qd2 Ne5 25. Qxd6 Rfd8 26. Qc5 Rbc8 27. Nd4 Bxe4
28. Qa7 Ra8 29. Qc5 Nd3 30. Qb6 Bd5 31. a4 Bc4 32. axb5 Ne5 33. Rxa6 Bxf1 34.
Rxa8 Rxa8 35. Kxf1 Ra1+ 36. Ke2 Qg5 37. g4 Qf4 38. Qb8+ Kg7 39. Qc7 Re1+ 40.
Kxe1 Nd3+ 0-1

[Event "Coupe Loubatière 2015-16"]
[Site "?"]
[Date "2015.??.??"]
[Round "2.2"]
[White "Desassis, Jean-François"]
[Black "Ben Habchi, Nordine"]
[Result "1-0"]
[WhiteElo "1491"]
[BlackElo "1275"]
[PlyCount "105"]
[EventDate "2015.??.??"]
[WhiteTeam "Aurec"]
[BlackTeam "ESSE 2"]

1. c4 Nf6 2. d4 b6 3. Nf3 Bb7 4. e3 e6 5. Nc3 Bb4 6. Bd2 O-O 7. Be2 d6 8. a3
Bxc3 9. Bxc3 Nbd7 10. b4 Ne4 11. Bb2 Qe7 12. O-O Rfd8 13. Qc2 d5 14. c5 Nf8 15.
c6 Bc8 16. b5 Ng6 17. Bd3 f5 18. a4 a5 19. Rfe1 Ng5 20. Nxg5 Qxg5 21. Bc1 Nh4
22. f4 Qh6 23. Ba3 Kh8 24. Qf2 Ng6 25. Ra2 Re8 26. Qf1 Ne7 27. Rf2 Ng8 28. Rf3
Nf6 29. Rh3 Qg6 30. Be2 Rg8 31. Bf3 Ne4 32. Be7 Qf7 33. Bg5 Nxg5 34. fxg5 e5
35. dxe5 f4 36. Rh4 fxe3 37. Rxe3 Bf5 38. Qd1 Rad8 39. Rf4 Qe6 40. Rd4 Qg6 41.
Bxd5 Rgf8 42. e6 Rd6 43. e7 Re8 44. h4 Be6 45. Qf3 Bf5 46. Rf4 h6 47. Rxf5 Kh7
48. Bf7 Rd1+ 49. Kh2 Qd6+ 50. Qf4 Qxf4+ 51. Rxf4 hxg5 52. hxg5 Rxe7 53. Rh3#
1-0

[Event "Coupe Loubatière 2015-16"]
[Site "?"]
[Date "2015.??.??"]
[Round "2.3"]
[White "Gloaduen, Loïc"]
[Black "Liogier, Pascal"]
[Result "0-1"]
[WhiteElo "1299"]
[BlackElo "1510"]
[PlyCount "80"]
[EventDate "2015.??.??"]
[WhiteTeam "ESSE 2"]
[BlackTeam "Aurec"]

1. e4 c6 2. Nf3 d5 3. e5 Bf5 4. d4 e6 5. Bd3 Bxd3 6. Qxd3 c5 7. c3 Nc6 8. O-O
Qb6 9. Na3 Nge7 10. b3 Nf5 11. Be3 cxd4 12. cxd4 Bxa3 13. g4 Nxe3 14. fxe3 Qd8
15. Rab1 Be7 16. Qb5 Qb6 17. Qa4 Qb4 18. Rfc1 Qxa4 19. bxa4 Rb8 20. Rxc6 bxc6
21. Rxb8+ Bd8 22. a5 O-O 23. a6 Bb6 24. Rxf8+ Kxf8 25. Ne1 c5 26. Nc2 c4 27.
Kf2 Ke7 28. Ke2 Kd7 29. Kd2 Ba5+ 30. Kc1 Kc6 31. a3 Kb5 32. h4 Kxa6 33. a4 Bc3
34. Na3 Ka5 35. Nb5 Bb4 36. Nxa7 Kxa4 37. Nc8 Kb3 38. g5 c3 39. Nd6 Ba3+ 40.
Kb1 c2+ 0-1

[Event "Coupe Loubatière 2015-16"]
[Site "?"]
[Date "2015.??.??"]
[Round "2.4"]
[White "Mialon, Franck"]
[Black "Guichard, Thomas"]
[Result "0-1"]
[WhiteElo "1370"]
[BlackElo "1530"]
[PlyCount "50"]
[EventDate "2015.??.??"]
[WhiteTeam "Aurec"]
[BlackTeam "ESSE 2"]

1. e4 e6 2. Nf3 d5 3. e5 c5 4. b4 cxb4 5. a3 Nc6 6. d4 Nge7 7. Bd2 Qb6 8. c3
bxc3 9. Bxc3 Ng6 10. Nbd2 Be7 11. Rb1 Qc7 12. Be2 Bxa3 13. O-O Be7 14. Qa4 Bd7
15. Bb5 O-O 16. Bxc6 Bxc6 17. Qa1 a6 18. Rbc1 Qd7 19. Nb3 Rac8 20. Nc5 Bxc5 21.
dxc5 Bb5 22. Rfe1 Rxc5 23. Nd4 Rfc8 24. Nxb5 Qxb5 25. Re3 Qc6 0-1

[Event "Coupe Loubatière 2015-16"]
[Site "?"]
[Date "2015.??.??"]
[Round "2.1"]
[White "Acikgoz, Tuncay"]
[Black "Doran, Niall"]
[Result "0-1"]
[WhiteElo "1661"]
[BlackElo "1691"]
[PlyCount "98"]
[EventDate "2015.??.??"]
[WhiteTeam "ESSE"]
[BlackTeam "St Chamond"]

1. d4 d5 2. Nf3 Nf6 3. g3 g6 4. Bg2 Bg7 5. c4 e6 6. O-O O-O 7. Nc3 c6 8. cxd5
cxd5 9. Bf4 Bd7 10. Ne5 Qb6 11. Nxd7 Nfxd7 12. e3 Nc6 13. b3 Rac8 14. Na4 Qb5
15. Re1 Nb4 16. Bd6 Rfd8 17. Bf1 Qa5 18. a3 Nc2 19. Bb4 Nxb4 20. axb4 Qxb4 21.
Nb2 a6 22. Nd3 Qb6 23. b4 e5 24. dxe5 Nxe5 25. Rb1 Nxd3 26. Qxd3 d4 27. exd4
Bxd4 28. Qf3 Rd6 29. Re7 Rf6 30. Qxb7 Qxb7 31. Rxb7 Rxf2 32. Rd7 Rb2+ 33. Rxd4
Rxb1 34. Kf2 Rc2+ 35. Be2 Rbb2 36. Re4 Rxe2+ 37. Rxe2 Rxe2+ 38. Kxe2 Kf8 39.
Ke3 Ke7 40. Kf4 Kf6 41. Ke4 Ke6 42. Kf4 h6 43. Ke4 Kd6 44. g4 Ke6 45. h4 f5+
46. gxf5+ gxf5+ 47. Kf4 h5 48. Kg5 Ke5 49. Kxh5 Kf6 0-1

[Event "Coupe Loubatière 201-16"]
[Site "?"]
[Date "2015.??.??"]
[Round "2.2"]
[White "Vier, Serge"]
[Black "Boeuf, Jérémy"]
[Result "0-1"]
[WhiteElo "1664"]
[BlackElo "1584"]
[PlyCount "66"]
[EventDate "2015.??.??"]
[WhiteTeam "St Chamond"]
[BlackTeam "ESSE"]

1. d4 Nf6 2. Nf3 e6 3. c4 b6 4. g3 Bb7 5. Bg2 Bb4+ 6. Bd2 c5 7. Bxb4 cxb4 8.
O-O O-O 9. Nbd2 d5 10. Ne5 Nbd7 11. Ndf3 dxc4 12. Nxc4 Bd5 13. Nce5 Nxe5 14.
Nxe5 Ne4 15. f3 Nd6 16. e4 Bb7 17. Rc1 Rc8 18. Qd2 a5 19. Rxc8 Qxc8 20. Rc1 Qd8
21. Rc2 Nb5 22. d5 exd5 23. exd5 Bxd5 24. b3 f6 25. Ng4 Nc3 26. Ne3 Ba8 27. Nc4
Qc7 28. Qe3 b5 29. Nd2 Rd8 30. f4 Bxg2 31. Kxg2 Qc6+ 32. Kg1 Ne2+ 33. Qxe2 Qxc2
0-1

[Event "Coupe Loubatière 2015-16"]
[Site "?"]
[Date "2015.??.??"]
[Round "2.3"]
[White "Carteron, Olivier"]
[Black "Minchilli, Franco"]
[Result "0-1"]
[WhiteElo "1554"]
[BlackElo "1640"]
[PlyCount "86"]
[EventDate "2015.??.??"]
[WhiteTeam "ESSE"]
[BlackTeam "St Chamond"]

1. e4 Nc6 2. Nf3 e5 3. Bc4 Be7 4. O-O Nf6 5. Re1 d6 6. h3 Bd7 7. c3 O-O 8. d4
Na5 9. Bd3 Nc6 10. d5 Nb8 11. c4 Ne8 12. Nc3 f5 13. exf5 Bxf5 14. Bxf5 Rxf5 15.
Be3 Rf7 16. Ne4 Nd7 17. Nfg5 Bxg5 18. Nxg5 Rf5 19. Ne6 Qf6 20. Qa4 Nf8 21. Nxf8
Qxf8 22. Qb5 b6 23. a4 Nf6 24. Qc6 Rc8 25. Qb7 a5 26. Rab1 Ne4 27. Rf1 Rf7 28.
b4 Nc3 29. Rb3 axb4 30. Qc6 Ne2+ 31. Kh2 Nd4 32. Bxd4 exd4 33. f3 Qe7 34. Rxb4
Qe2 35. Kg1 Rcf8 36. Rb3 d3 37. Rbb1 d2 38. Qb5 Re7 39. c5 Qe3+ 40. Kh1 dxc5
41. Qb3 Qxb3 42. Rxb3 Re1 43. Rb1 Rfe8 0-1

[Event "Coupe Loubatière 2015-16"]
[Site "?"]
[Date "2015.??.??"]
[Round "2.4"]
[White "Allabrune, Guillaume"]
[Black "Boeuf, Jean-Julien"]
[Result "1-0"]
[WhiteElo "1526"]
[BlackElo "1505"]
[PlyCount "45"]
[EventDate "2015.??.??"]
[WhiteTeam "St Chamond"]
[BlackTeam "ESSE"]

1. e4 Nf6 2. e5 Nd5 3. c4 Nb6 4. d4 d6 5. exd6 cxd6 6. Nc3 g6 7. Nf3 Bg4 8. Be3
Bg7 9. Be2 Nc6 10. b3 O-O 11. O-O a6 12. Qd2 Re8 13. Rfe1 e5 14. dxe5 Bxf3 15.
Bxf3 Bxe5 16. Rad1 Qc7 17. Nd5 Nxd5 18. Bxd5 Ne7 19. Be4 Nc6 20. f4 Bc3 21.
Qxc3 Rxe4 22. Bc1 Rae8 23. Bb2 1-0

[Event "Coupe Loubatière 2015-16"]
[Site "?"]
[Date "2015.??.??"]
[Round "3.1"]
[White "Doran, Niall"]
[Black "Martin, Julien"]
[Result "1-0"]
[WhiteElo "1691"]
[BlackElo "1545"]
[PlyCount "51"]
[EventDate "2015.??.??"]
[WhiteTeam "St Chamond"]
[BlackTeam "ESSE 2"]

1. e4 e5 2. Nf3 d6 3. d4 exd4 4. Nxd4 Nf6 5. Nc3 Be7 6. Bc4 O-O 7. Bf4 Bd7 8.
Qd2 Nc6 9. O-O-O Nxd4 10. Qxd4 c5 11. Qe3 a6 12. Bxd6 Bxd6 13. Rxd6 Qc7 14.
Rxf6 gxf6 15. Nd5 Qe5 16. f4 Qd6 17. e5 fxe5 18. fxe5 Qb8 19. Nf6+ Kh8 20. Nxd7
Qd8 21. Nxf8 Qxf8 22. Rf1 Rd8 23. Rxf7 Qg8 24. e6 Qg4 25. Qe5+ Kg8 26. Bd3 1-0

[Event "Coupe Loubatière 2015-16"]
[Site "?"]
[Date "2015.??.??"]
[Round "3.2"]
[White "Ben Habchi, Nordine"]
[Black "Vier, Serge"]
[Result "1-0"]
[WhiteElo "1275"]
[BlackElo "1664"]
[PlyCount "40"]
[EventDate "2015.??.??"]
[WhiteTeam "ESSE 2"]
[BlackTeam "St Chamond"]

1. e4 e6 2. d4 d5 3. Nc3 Nf6 4. Bg5 Be7 5. Bd3 dxe4 6. Nxe4 O-O 7. c3 h6 8. Be3
Nxe4 9. Bxe4 Nd7 10. Nf3 Nf6 11. Bc2 b6 12. Qd2 Ng4 13. Qd3 g6 14. Bd2 Kg7 15.
h3 Nf6 16. Ne5 Bb7 17. f3 Rg8 18. O-O-O c5 19. Nxg6 fxg6 20. Qxg6+ Kf8 1-0

[Event "Coupe Loubatière 2015-16"]
[Site "?"]
[Date "2015.??.??"]
[Round "3.3"]
[White "Minchilli, Franco"]
[Black "Kedem, Camille"]
[Result "0-1"]
[WhiteElo "1640"]
[BlackElo "1299"]
[PlyCount "78"]
[EventDate "2015.??.??"]
[WhiteTeam "St Chamond"]
[BlackTeam "ESSE 2"]

1. d4 d5 2. c4 c6 3. Nc3 e6 4. Nf3 Nf6 5. Bg5 Bb4 6. Qb3 a5 7. e3 h6 8. Bh4 g5
9. Bg3 Ne4 10. Be2 Nxg3 11. hxg3 b6 12. a3 Be7 13. Ne5 f6 14. Bh5+ Kf8 15. Ng6+
Kg8 16. Nxh8 Kxh8 17. Qc2 f5 18. g4 Qf8 19. cxd5 cxd5 20. Ne2 Nd7 21. gxf5 Nf6
22. Bg6 Ne4 23. Qc6 Ra6 24. Qc7 exf5 25. f3 b5 26. fxe4 Rxg6 27. exf5 Bxf5 28.
Qe5+ Rf6 29. Ng3 Bd6 30. Qxd5 Bxg3+ 31. Kd2 Be6 32. Qxg5 Qg7 33. Qxb5 Rf2+ 34.
Kc3 Rxg2 35. Qe8+ Bg8 36. Rh5 Rh2 37. Rf5 Qc7+ 38. Rc5 Qh7 39. Rc1 Be1+ 0-1

[Event "Coupe Loubatière 2015-16"]
[Site "?"]
[Date "2015.??.??"]
[Round "3.4"]
[White "Guichard, Thomas"]
[Black "Allabrune, Guillaume"]
[Result "1-0"]
[WhiteElo "1530"]
[BlackElo "1526"]
[PlyCount "62"]
[EventDate "2015.??.??"]
[WhiteTeam "ESSE 2"]
[BlackTeam "St Chamond"]

1. e4 e6 2. d4 d5 3. Nc3 Nf6 4. e5 Nfd7 5. f4 c5 6. Nce2 Nc6 7. c3 Be7 8. Nf3
Qb6 9. Ng3 cxd4 10. cxd4 Bb4+ 11. Kf2 f6 12. a3 Be7 13. b4 fxe5 14. fxe5 Ndxe5
15. Nxe5 Nxe5 16. Qh5+ g6 17. Qxe5 O-O+ 18. Ke1 Bf6 19. Qe2 Bxd4 20. Bb2 Rf2
21. Bxd4 Rxe2+ 22. Nxe2 Qd8 23. Rc1 Qh4+ 24. g3 Qe4 25. Rg1 e5 26. Bg2 Qf5 27.
Bxd5+ Kg7 28. Rf1 Qh5 29. Rc7+ Kh6 30. Be3+ g5 31. Rf6+ Qg6 1-0

[Event "Coupe Loubatière 2015-16"]
[Site "?"]
[Date "2015.??.??"]
[Round "3.1"]
[White "Djouder, Larbi"]
[Black "Acikgoz, Tuncay"]
[Result "1-0"]
[WhiteElo "1646"]
[BlackElo "1661"]
[PlyCount "113"]
[EventDate "2015.??.??"]
[WhiteTeam "Aurec"]
[BlackTeam "ESSE"]

1. e4 c6 2. d4 d5 3. Nd2 c5 4. c3 Nc6 5. Ngf3 Bg4 6. exd5 Qxd5 7. Bc4 Bxf3 8.
Qxf3 Qxf3 9. Nxf3 cxd4 10. cxd4 Nf6 11. O-O e6 12. Re1 Bb4 13. Re2 O-O 14. a3
Ba5 15. b4 Bb6 16. Bb2 Rfd8 17. Rd1 Rac8 18. Bb3 Ne7 19. Ng5 Nf5 20. Nxe6 Re8
21. Nf4 Rxe2 22. Nxe2 Re8 23. Kf1 Ng4 24. h3 Nh2+ 25. Ke1 Nh4 26. Bd5 Ng6 27.
Kd2 Rxe2+ 28. Kxe2 Nf4+ 29. Kd2 Nxd5 30. Rh1 Bc7 31. Re1 f5 32. Kc2 g5 33. Bc1
g4 34. hxg4 Nxg4 35. f3 Ngf6 36. Bg5 Nd7 37. Rh1 f4 38. Kd3 Nf8 39. Re1 Kf7 40.
Rh1 Kg6 41. Bh4 Ne6 42. Bf2 h5 43. Re1 Kf5 44. Rh1 Ng7 45. Re1 Ne6 46. Rh1 Nf6
47. Re1 Bb6 48. Re5+ Kg6 49. Rxe6 Kf7 50. Re5 Kg6 51. Bh4 Nd7 52. Re7 Nb8 53.
Rxb7 Nc6 54. Rd7 Kf5 55. Rd5+ Kg6 56. Rd6+ Kf5 57. Rf6# 1-0

[Event "Coupe Loubatière 2015-16"]
[Site "?"]
[Date "2015.??.??"]
[Round "3.2"]
[White "Boeuf, Jérémy"]
[Black "Desassis, Jean-François"]
[Result "0-1"]
[WhiteElo "1584"]
[BlackElo "1491"]
[PlyCount "68"]
[EventDate "2015.??.??"]
[WhiteTeam "ESSE"]
[BlackTeam "Aurec"]

1. f4 c5 2. Nf3 d5 3. e3 e6 4. Be2 Nc6 5. O-O Nf6 6. b3 Be7 7. Bb2 O-O 8. Ne5
Qc7 9. d4 a6 10. Ba3 cxd4 11. Bxe7 Nxe7 12. exd4 Nf5 13. Rf3 b5 14. c3 Qb6 15.
Nd2 Bb7 16. Nd3 Ne4 17. Nc5 Nxc5 18. dxc5 Qxc5+ 19. Kh1 d4 20. cxd4 Qxd4 21.
Rd3 Qxf4 22. Nf3 h6 23. Rd7 Bd5 24. Rxd5 exd5 25. Qxd5 Rfe8 26. Bd3 Ne3 27. Qc6
Ng4 28. Rf1 Qf6 29. Be4 Rac8 30. Qb7 Qf4 31. Bd5 Rc1 32. Bxf7+ Kh7 33. g3 Rxf1+
34. Kg2 Ne3+ 0-1

[Event "Coupe Loubatière 2015-16"]
[Site "?"]
[Date "2015.??.??"]
[Round "3.3"]
[White "Liogier, Pascal"]
[Black "Carteron, Olivier"]
[Result "*"]
[WhiteElo "1510"]
[BlackElo "1554"]
[PlyCount "67"]
[EventDate "2015.??.??"]
[WhiteTeam "Aurec"]
[BlackTeam "ESSE"]

1. d4 d5 2. Nc3 Nf6 3. Bf4 c6 4. h3 Bf5 5. e3 e6 6. Nf3 Bb4 7. Bd3 Bxd3 8. Qxd3
O-O 9. O-O Nbd7 10. Ne5 Nxe5 11. Bxe5 Nd7 12. Bg3 c5 13. Ne2 cxd4 14. Nxd4 e5
15. c3 exd4 16. cxb4 dxe3 17. fxe3 Nf6 18. Be5 Ne4 19. Rf3 Re8 20. Bd4 a6 21.
Raf1 f6 22. Rf4 Qd6 23. a3 Rac8 24. Rd1 Qc6 25. Bc5 Nxc5 26. bxc5 Qxc5 27.
Qxd5+ Qxd5 28. Rxd5 Rxe3 29. Rd7 Rb3 30. Rg4 g6 31. Rd2 Rc1+ 32. Kh2 Rb1 33.
Rd7 R1xb2 34. Rc4 *

[Event "Coupe Loubatière 2015-16"]
[Site "?"]
[Date "2015.??.??"]
[Round "3.4"]
[White "Boeuf, Jean-Julien"]
[Black "Mialon, Franck"]
[Result "1-0"]
[WhiteElo "1505"]
[BlackElo "1370"]
[PlyCount "44"]
[EventDate "2015.??.??"]
[WhiteTeam "ESSE"]
[BlackTeam "Aurec"]

1. e4 e5 2. Nf3 Nc6 3. Bc4 Nf6 4. Ng5 Bc5 5. Nxf7 Bxf2+ 6. Kf1 Qe7 7. Nxh8 d5
8. exd5 Bg4 9. Be2 Bxe2+ 10. Qxe2 Nxd5 11. Qh5+ g6 12. Nxg6 Qf7 13. Nf4 Qxh5
14. Nxh5 Bb6 15. Nc3 Nxc3 16. dxc3 O-O-O 17. Ke2 Rg8 18. Ng3 h5 19. Be3 Bxe3
20. Kxe3 h4 21. Ne4 Rxg2 22. Kd3 h3 1-0